Noms (très) déformés de stations du métro parisien #3 - Statistiques

Statistiques générales
  • Ce quiz a été pris 19 fois
  • Le résultat moyen est 8 sur 20
Statistiques - réponses
Faux nom Vrai nom % Correct
Albert Kampf Oberkampf
80%
Pire aînée Pyrénées
80%
Mauvaise Info Bonne Nouvelle
73%
Oeuvres et Travaux Arts et Métiers
67%
Saint Fardeau Saint-Fargeau
67%
Garçons de l'Affliction Filles du Calvaire
53%
Paris - Porte de Saint-Denis Saint-Denis - Porte de Paris
53%
Laide métropole Belleville
47%
Benjamin Cadet
47%
Tétraèdres Pyramides
47%
Quai de l'Aéroport Quai de la Gare
40%
Le Four La Fourche
27%
Mont Olympe Olympiades
27%
Mon homme des forêts Notre-Dame-des-Champs
20%
Entrée de l'Eglise Porte de la Chapelle
20%
Villes Villiers
20%
Côté moche-sombre Coteaux Beauclair
13%
Entrée du Béni Ecrou Porte de Saint-Cloud
13%
La Tractopelle La Chapelle
7%
Dakin - Adidas Alpine Javel - André Citroën
0%
Aucun quiz correspondant
Distribution des résultats
% des personnes avec chaque résultat
Percentile par nombre de réponses
Votre historique - résultats
Vous n’avez pas pris ce quiz